000 01583cam a22004217a 4500
003 CHAP
005 20220329142904.0
008 120105d2004 mx r 00110 spa d
010 _a89257
011 _a90229
035 _a100785
040 _cCHAP
090 _aTesis
100 0 0 _aMoreno Ortiz, Víctor Noel.
_978673
245 1 0 _aControl químico de aislamientos de C. gloeosporioides Penz. en aguacate, mango y papaya en postcosecha
_c/por Víctor Noel Moreno Ortiz
260 _aChapingo, Méx. :
_bEl autor,
_c2004.
300 _a67 h.
502 _aTesis (Ing. Agr. Esp. en Parasitología Agrícola) - - UACH. Departamento de Parasitología Agrícola
590 _aALEPH
_b10
_c20130110
_lUCH01
_h1502
590 _aBATCH-UPD
_b10
_c20130110
_lUCH01
_h0516
590 _aBATCH-UPD
_b10
_c20130110
_lUCH01
_h2209
590 _aBATCH-UPD
_b10
_c20130410
_lUCH01
_h0155
590 _aBATCH-UPD
_b10
_c20130410
_lUCH01
_h1627
590 _aBATCH-UPD
_b10
_c20130913
_lUCH01
_h2306
590 _aCONVERSION
_b10
_c20130109
_lUCH01
_h1349
650 1 4 _aAguacate
_xPerdidas postcosecha.
_92546
650 1 4 _aAntracnosis de la papaya.
_96115
650 1 4 _aAntracnosis del aguacate.
_96118
650 1 4 _aAntracnosis del mango.
_96121
650 1 4 _aColletotrichum gloeosporioides.
_925254
650 1 4 _aMango
_xPérdidas postcosecha.
_970447
650 1 4 _aPapaya
_xPérdidas postcosecha.
_985351
901 _aBK
905 _aLilia
942 _cFOLL
949 _aTesis
_bBC
_cTES
_d100785
_eTS1
_h43114
_i100785
_sb
949 _aTesis
_bBC
_cTES
_d33724000934097
_eTS2
_fc.2
_h43115
_i100785
_sb
999 _c89257
_d89257